[Event "Seefeld op 18th"]
[Site "Seefeld"]
[Date "2007.09.07"]
[Round "7"]
[White "Klein, Reinhard"]
[Black "Michel, Jan"]
[Result "1-0"]
[WhiteElo "1870"]
[BlackElo "1450"]
[PlyCount "58"]
[EventDate "2007.09.01"]
[EventType "swiss"]
[EventRounds "9"]
[EventCountry "AUT"]
[SourceTitle "EXT 2009"]
[Source "ChessBase"]
[SourceDate "2008.11.26"]
[SourceVersion "1"]
[SourceVersionDate "2008.11.26"]
[SourceQuality "1"]

1. d4 d5 2. c4 e6 3. Nf3 Nd7 4. Bf4 c6 5. e3 Ngf6 6. Nc3 a6 7. c5 Be7 8. Bd3 0-0 9. b4 Ne8 10. h4 f5 11. g4 fxg4 12. Bxh7+ Kh8 13. Ng5 Ndf6 14. Bg6 Kg8 15. Qc2 Ne4 16. Ncxe4 dxe4 17. Bxe8 Qxe8 18. Qxe4 Bxg5 19. hxg5 Rf5 20. Be5 Rxg5 21. Qh7+ Kf7 22. 0-0-0 a5 23. Rh6 Qe7 24. Bf6 Qxf6 25. Rxf6+ Kxf6 26. bxa5 Bd7 27. Qe4 Rxa5 28. Qf4+ Kg6 29. Qc7 Be8 1-0

[Event "Seefeld op 14th"]
[Site "Seefeld"]
[Date "2003.09.15"]
[Round "3"]
[White "Gruber, Michael"]
[Black "Michel, Jan"]
[Result "1-0"]
[WhiteElo "2131"]
[BlackElo "1484"]
[PlyCount "127"]
[EventDate "2003.09.13"]
[EventType "swiss"]
[EventRounds "9"]
[EventCountry "AUT"]
[SourceTitle "CBM 097 Extra"]
[Source "ChessBase"]
[SourceDate "2004.01.13"]
[SourceVersion "1"]
[SourceVersionDate "2004.01.13"]
[SourceQuality "1"]

1. e4 c6 2. d4 d5 3. Nc3 dxe4 4. Bc4 e6 5. f3 Bb4 6. a3 Bxc3+ 7. bxc3 Nf6 8. Bg5 0-0 9. Qe2 Qa5 10. Bd2 Nbd7 11. fxe4 e5 12. Nf3 Re8 13. Bd3 Qc7 14. 0-0 a5 15. Rae1 b5 16. Qf2 exd4 17. cxd4 h6 18. e5 Nh7 19. Qh4 Ndf8 20. Qg3 Kh8 21. Nh4 Be6 22. Nf5 Ng6 23. Nd6 Rf8 24. Bxg6 fxg6 25. Qxg6 Qe7 26. Rxf8+ Nxf8 27. Qh5 Nh7 28. Rf1 Rf8 29. Rxf8+ Qxf8 30. Bxa5 Qf4 31. Qd1 Qe3+ 32. Kh1 Bg4 33. Qd2 Qxa3 34. h3 Qa1+ 35. Kh2 Be6 36. Bd8 Qf1 37. Bh4 Nf8 38. Qf2 Qxf2 39. Bxf2 Ng6 40. g4 Kh7 41. Ne8 Kg8 42. Nc7 Kf7 43. Kg3 Ne7 44. Kf3 Bd5+ 45. Nxd5 cxd5 46. Ke2 Nc6 47. Kd3 Ke6 48. Be3 g5 49. h4 gxh4 50. Bxh6 h3 51. Bf4 b4 52. Bh2 Ne7 53. Ke3 Ng6 54. Kf2 Ne7 55. Kg3 Nc6 56. Bg1 Na5 57. Bf2 Nc4 58. Be1 Ne3 59. Bxb4 Nxc2 60. Bc5 Ne1 61. Kxh3 Nf3 62. Kg3 Ng5 63. Kh4 Ne4 64. Ba7 1-0

[Event "Seefeld op 13th"]
[Site "Seefeld"]
[Date "2002.09.18"]
[Round "5"]
[White "Michel, Jan"]
[Black "Strasser, Josef1111"]
[Result "0-1"]
[WhiteElo "1511"]
[BlackElo "1762"]
[PlyCount "160"]
[EventDate "2002.09.14"]
[EventType "swiss"]
[EventRounds "9"]
[EventCountry "AUT"]
[SourceTitle "EXT 2007"]
[Source "ChessBase"]
[SourceDate "2006.11.23"]
[SourceVersion "1"]
[SourceVersionDate "2006.11.23"]
[SourceQuality "1"]

1. e4 c6 2. d4 d5 3. Nc3 dxe4 4. Nxe4 Bf5 5. Ng3 Bg6 6. Nf3 e6 7. Bd3 Bxd3 8. Qxd3 Nf6 9. 0-0 Be7 10. c4 0-0 11. a3 Nbd7 12. Qe2 Rc8 13. b4 Re8 14. Ne5 a6 15. Rd1 b5 16. c5 Nd5 17. Ne4 N7f6 18. Bb2 Qc7 19. g3 Rcd8 20. Rd3 h6 21. Nxf6+ Nxf6 22. Qf3 Rf8 23. Nxc6 Rd7 24. Rad1 Rd5 25. Nxe7+ Qxe7 26. Qe2 Qb7 27. Re3 Rfd8 28. Re5 Nd7 29. Rxd5 Qxd5 30. Bc1 Nb8 31. Qg4 Kh7 32. Be3 Nc6 33. f3 a5 34. bxa5 Nxa5 35. Qe4+ Kg8 36. Qxd5 Rxd5 37. Rb1 Nc4 38. Kf2 Nxa3 39. Rb3 Nc2 40. Rxb5 Nxd4 41. Rb8+ Kh7 42. Bxd4 Rxd4 43. Ke3 Rc4 44. Rc8 e5 45. Kd3 Rc1 46. Ke4 Rc3 47. c6 Rc5 48. g4 Kg6 49. h4 Kf6 50. Rc7 Ke6 51. h5 Rc4+ 52. Kd3 Rf4 53. Rc8 Rxf3+ 54. Ke2 Rc3 55. Rg8 Rxc6 56. Rxg7 Kf6 57. Rh7 Ke7 58. Ke3 Rf6 59. Ke4 Ke6 60. Ke3 Kd5 61. Rg7 e4 62. Rg8 Rf3+ 63. Ke2 Ke5 64. Re8+ Kf4 65. Re7 Kxg4 66. Rxe4+ Rf4 67. Re5 Rf5 68. Re3 Kxh5 69. Rh3+ Kg6 70. Ke3 h5 71. Rg3+ Rg5 72. Rh3 Rg4 73. Kf3 Kg5 74. Ke3 f5 75. Kf2 h4 76. Kf1 Rg3 77. Rh2 Kg4 78. Kf2 h3 79. Rh1 f4 80. Rh2 Ra3 0-1

[Event "Seefeld op 12th"]
[Site "Seefeld"]
[Date "2001.09.18"]
[Round "4"]
[White "Michel, Jan"]
[Black "Tscharotschkin, Michael"]
[Result "0-1"]
[WhiteElo "1447"]
[BlackElo "2222"]
[PlyCount "53"]
[EventDate "2001.09.15"]
[EventType "swiss"]
[EventRounds "9"]
[EventCountry "AUT"]
[SourceTitle "EXT 2002"]
[Source "ChessBase"]
[SourceDate "2001.11.25"]
[SourceVersion "1"]
[SourceVersionDate "2001.11.25"]
[SourceQuality "1"]

1. e4 e6 2. d4 d5 3. e5 c5 4. c3 Nc6 5. Nf3 Qb6 6. Bd3 cxd4 7. cxd4 Bd7 8. 0-0 Nxd4 9. Nxd4 Qxd4 10. Nc3 a6 11. Re1 Qa7 12. Bd2 Bc5 13. Qe2 Ne7 14. Rab1 Rc8 15. Nd1 b5 16. Ne3 Ng6 17. Bxg6 hxg6 18. b4 Bb6 19. Rbc1 d4 20. Rxc8+ Bxc8 21. Nc2 d3 22. Qf1 dxc2 23. Rc1 Qd7 24. Rxc2 Bb7 25. Bg5 Qd5 26. Rd2 Qxe5 27. Qc1 0-1

[Event "Seefeld op 12th"]
[Site "Seefeld"]
[Date "2001.09.16"]
[Round "2"]
[White "Michel, Jan"]
[Black "Wiesbeck, Florian"]
[Result "1-0"]
[WhiteElo "1447"]
[BlackElo "1821"]
[PlyCount "135"]
[EventDate "2001.09.15"]
[EventType "swiss"]
[EventRounds "9"]
[EventCountry "AUT"]
[SourceTitle "EXT 2002"]
[Source "ChessBase"]
[SourceDate "2001.11.25"]
[SourceVersion "1"]
[SourceVersionDate "2001.11.25"]
[SourceQuality "1"]

1. e4 c5 2. Nf3 e6 3. d4 cxd4 4. Nxd4 Qb6 5. Nb3 Nf6 6. Bd3 Nc6 7. Be3 Qc7 8. f4 d6 9. 0-0 Be7 10. a3 a6 11. N1d2 0-0 12. Nc4 Nd7 13. c3 b5 14. Ncd2 Bb7 15. Qc2 Rac8 16. e5 g6 17. exd6 Bxd6 18. Ne4 Be7 19. Qf2 Nf6 20. Nxf6+ Bxf6 21. Bb6 Qb8 22. Nc5 Qa8 23. Nd7 Bg7 24. Nxf8 Bxf8 25. Qe2 Bg7 26. Rad1 Ne7 27. Bd4 Bxd4+ 28. cxd4 Rd8 29. Bc2 Bd5 30. b3 Qb7 31. Rf2 Rc8 32. Re1 Rc3 33. Qd2 Qc8 34. Re3 Rc7 35. h3 Bb7 36. Re5 Bd5 37. Rfe2 Rc3 38. R5e3 Rc7 39. f5 gxf5 40. Rg3+ Ng6 41. h4 Kh8 42. h5 f4 43. Rh3 Ne7 44. Qxf4 Ng8 45. Qf2 Qf8 46. Qf4 Qc8 47. Qd2 f6 48. h6 Qf8 49. b4 Qd6 50. Rc3 Bc4 51. Rf2 Rd7 52. Qe3 Qxd4 53. Qxd4 Rxd4 54. Bb3 Bxb3 55. Rxb3 Rd1+ 56. Rf1 Rd6 57. Rc3 e5 58. Rc8 e4 59. Re8 f5 60. Rxf5 Rxh6 61. Rff8 Rg6 62. Rxe4 h5 63. Rh4 Kg7 64. Rd8 Kh6 65. g4 Nf6 66. Rd6 Kg5 67. Rh1 Kxg4 68. Rh2 1-0

[Event "Seefeld op 07th"]
[Site "Seefeld"]
[Date "1996.??.??"]
[Round "?"]
[White "Kircher, Werner"]
[Black "Michel, Jan"]
[Result "1/2-1/2"]
[WhiteElo "1810"]
[BlackElo "1605"]
[PlyCount "70"]
[EventDate "1996.09.15"]
[EventType "swiss"]
[EventRounds "9"]
[EventCountry "AUT"]
[SourceTitle "EXT 2000"]
[Source "ChessBase"]
[SourceDate "1999.11.16"]
[SourceVersion "1"]
[SourceVersionDate "1999.11.16"]
[SourceQuality "1"]

1. c4 e5 2. Nf3 e4 3. Nd4 c5 4. Nc2 Nc6 5. Nc3 Nf6 6. g3 Bd6 7. Bg2 Qe7 8. 0-0 0-0 9. Ne3 g6 10. Ned5 Nxd5 11. Nxd5 Qd8 12. Bxe4 Nb4 13. Nc3 Be7 14. d3 d6 15. Bh6 Re8 16. Qd2 Qd7 17. a3 Nc6 18. Nd5 Bd8 19. Rae1 Ne5 20. Bg2 Nc6 21. e3 Qf5 22. Qc3 Ne5 23. f4 Qh5 24. fxe5 Qxh6 25. exd6 Re6 26. d4 Rxd6 27. dxc5 Re6 28. Rf2 f5 29. Nf4 Re8 30. Bd5+ Kf8 31. Qh8+ Ke7 32. Qe5+ Kf8 33. Qh8+ Ke7 34. Qe5+ Kf8 35. Qh8+ Ke7 1/2-1/2